000 01135cam a2200361 a 4500
001 4315015
003 OSt
005 20140310184511.0
008 871209s1988 nyua j 001 0 eng
010 _a 87035303
020 _a0590464264
040 _aDLC
_cDLC
_dDLC
042 _alcac
043 _anp-----
050 0 0 _aE 78.G73
_b.F73 1992
100 1 _aFreedman, Russell.
_915129
245 1 0 _aBuffalo hunt /
_cRussell Freedman.
260 _aNew York :
_bScholastic Inc.,
_c1992.
300 _a52 p. :
_bcol. ill. ;
_c24 cm.
521 _aG9
526 _c1000
650 0 _aIndians of North America
_zGreat Plains
_xJuvenile literature.
_929216
650 0 _aIndians of North America
_xHunting
_zGreat Plains
_xJuvenile literature.
_929217
650 0 _aAmerican bison
_xJuvenile literature.
_929218
650 1 _aIndians of North America
_zGreat Plains.
_929219
650 1 _aIndians of North America
_xHunting
_zGreat Plains.
_929220
650 1 _aBison.
_927430
906 _a7
_bcbc
_corignew
_d1
_eocip
_f19
_gy-gencatlg
942 _2lcc
_cBK-SCHOLAS
999 _c34904
_d34904